000 00784nam a22001815i 4500
001 151776
003 ES-MaACL
005 20250809031526.0
008 991028s1864 fr l |||| | fre d
040 _aM-RAJU
_bspa
_cM-RAJU
_dCCPB | B
100 1 _aBédarride, J.
_9126256
245 1 0 _aDroit commercial
_b: commentaire du code de commerce : livre IV de la juridiction commerciale /
_cpar J. Bédarride.
260 _aParis :
_bAuguste Durand ;
_aAix :
_bRemondet-Aubin,
_c1864.
300 _a501 p. ;
_c23 cm.
650 7 _aDerecho mercantil
_2embne
_9135891
852 _aES-MaACL
_jG-14187
_z-- Enc. hol.
_x-- Edic.: El tit. es: "De la juridiction commerciale / par J. Bédarride" -- La serie es: (Droit commercial. Commentaire du Code de Commerce)
999 _c151776
_d151776